Informační žurnalistika Redakce - reportéři - žánry
Saved in:
| Main Author | |
|---|---|
| Format | Electronic eBook |
| Language | Czech |
| Published |
Masarykova univerzita
2025
|
| Edition | 1. elektronické vydání |
| Subjects | |
| Online Access | Dostupné v BOOKPORT po přihlášení pomocí eduID |
| ISBN | 978-80-280-0775-1 978-80-280-0774-4 |
| Physical Description | 1 online zdroj (303 stran) |
| LEADER | 00000nam a2200000 i 4500 | ||
|---|---|---|---|
| 001 | bkp396057920 | ||
| 003 | CZ-prgp | ||
| 005 | 20260525153410.0 | ||
| 006 | m o d | ||
| 007 | cr cn | ||
| 008 | 260525s2025 xr o 000 0 cze | ||
| 020 | |a 978-80-280-0775-1 |c 332 Kč |q (online ; pdf) | ||
| 020 | |a 978-80-280-0774-4 |c 390 Kč |q (print) | ||
| 040 | |a Grada |b cze |e rda | ||
| 100 | 1 | |a Jaroslav, Čuřík | |
| 245 | 1 | 0 | |a Informační žurnalistika |b Redakce - reportéři - žánry |c Čuřík Jaroslav |
| 250 | |a 1. elektronické vydání | ||
| 264 | 1 | |b Masarykova univerzita |c 2025 | |
| 300 | |a 1 online zdroj (303 stran) | ||
| 336 | |a text |b txt |2 rdacontent | ||
| 337 | |a počítač |b c |2 rdamedia | ||
| 338 | |a online zdroj |b cr |2 rdacarrier | ||
| 520 | 3 | |a Publikace Informační žurnalistika se věnuje praktické žurnalistice v online a tištěných médiích, především žurnalistice informační, chápané jako širší zpravodajství. Autor přitom vychází z aktuálních trendů - základním zdrojem jsou expertní rozhovory s novináři významných českých a slovenských online a tištěných médií. Cílem je popsat organizaci práce redakcí, reportérů a editorů zpravodajství, upozornit na možná úskalí této činnosti a přiblížit některé žánry využívané v dnešních médiích. Publikace může být užitečná nejenom začínajícím novinářům a studentům žurnalistiky, ale lze ji svým způsobem považovat i za drobný příspěvek k mediální výchově a k boji proti fake news, zejména těm neúmyslným, způsobeným neprofesionalitou a neznalostí, které vyplývají z nekvalitní novinářské práce. | |
| 650 | 0 | 4 | |a Žurnalistika a komunikace |
| 650 | 0 | 4 | |a Jazyky, komunikace, etika |
| 856 | 4 | 0 | |u https://www.bookport.cz/AccountSaml/SignIn/?idp=https://shibboleth.utb.cz/idp/shibboleth&returnUrl=/kniha/informacni-zurnalistika-16126/ |y Dostupné v BOOKPORT po přihlášení pomocí eduID |